Castilla

Gorde:
Xehetasun bibliografikoak
Egile nagusia: Azorín Martínez Ruiz, José (autor)
Formatua: Liburua
Hizkuntza:gaztelania
Argitaratua: Buenos Aires Losada 1965
Edizioa:6a. ed
Saila:Biblioteca Contemporánea
Gaiak:
Etiketak: Etiketa erantsi
Etiketarik gabe, Izan zaitez lehena erregistro honi etiketa jartzen!

MARC

LEADER 00000nam a2200000 a 4500
001 UCT6658
003 CL-VaPUC
008 970113e19650000AG |||||||||||||||||spa|d
082 0 4 |a 864  |b AZO  |2 21 
100 |a Azorín  |e autor  |q Martínez Ruiz, José  |9 863023 
245 1 0 |a Castilla 
250 |a 6a. ed 
300 |a 143 p 
942 |c BK 
945 |d 19970113 00:00:00  |a rleighto 
260 |a Buenos Aires  |b Losada  |c 1965 
650 0 |a Ensayos españoles  |9 313128 
583 |a last modification  |c 19970113 00:00:00  |k Rodrigo Vera 
490 0 |a Biblioteca Contemporánea 
999 |c 255340  |d 255338 
952 |0 0  |1 0  |4 0  |6 864_000000000000000_AZO_1965  |7 0  |8 A  |9 277548  |a BIBEDU  |b BIBEDU  |d 2019-11-19  |i 3272990  |o 864 AZO 1965  |p 3272990  |r 2019-11-19  |w 2019-11-19  |y BK  |k LIT 
952 |0 0  |1 0  |4 0  |6 864_000000000000000_AZO_1965  |7 0  |8 A  |9 277549  |a BIBEDU  |b BIBEDU  |d 2019-11-19  |i 3273008  |o 864 AZO 1965  |p 3273008  |r 2019-11-19  |w 2019-11-19  |y BK  |k LIT